| 000 | 01063cam a2200385 4500 | ||
|---|---|---|---|
| 001 | L124666 | ||
| 008 | 031222n2004 000 0 eng u | ||
| 020 | _a0471452394 | ||
| 020 | _a0471237582 | ||
| 035 | _a(Sirsi) u124666 | ||
| 041 | _aeng | ||
| 050 |
_a526.9 _c18 |
||
| 100 | _aMcCormac, Jack | ||
| 245 | _aSurveying | ||
| 250 | _a5th ed. | ||
| 260 |
_aNew Jersey _bJohn Wiley _c2004 |
||
| 300 |
_a457p. _c28cm. |
||
| 350 | _a29.95 | ||
| 520 | _aAn introductory text covering all aspects of land surveying, including some building and construction surveying. Designed primarily for US college students. | ||
| 650 | _aSURVEYING | ||
| 650 | _aLAND SURVEYING | ||
| 650 | _aGIS | ||
| 650 | _aGPS | ||
| 650 | _aBUILT ENVIRONMENT-BUILDING INSPECTION | ||
| 650 | _aMAPPING | ||
| 650 | _aLEVELLING | ||
| 650 | _aTOPOGRAPHICAL SURVEYING | ||
| 650 | _aELECTRONIC DISTANCE MEASURING | ||
| 650 | _aVOLUME CALCULATIONS | ||
| 650 | _aCURVES | ||
| 650 | _aDISTANCE | ||
| 650 | _aUNITED STATES | ||
| 690 |
_aGeomatics _96242 |
||
| 942 | _n0 | ||
| 999 |
_c103265 _d103265 |
||